| 000 | 01009npm a2200253 i 4500 | ||
|---|---|---|---|
| 001 | 5060 | ||
| 003 | ES-MaACL | ||
| 005 | 20250814001558.0 | ||
| 007 | hzrazu bucu | ||
| 008 | 890331r19891919sp b 00010 spa d | ||
| 080 | _a614(061.21) | ||
| 100 | 1 |
_aFigueras Ballester, Luis. _9114678 |
|
| 245 | 1 | 4 |
_aLos Espectaculos publicos y los niños _b: [Microforma] / _cpor Luis Vigueras Ballester. |
| 260 |
_aMadrid : _bAteneo Científico, Literario y Artístico, _c1989. |
||
| 300 |
_a22 fotogramas en 1 microficha : _bnegativo. |
||
| 490 | 1 |
_aMemorias premiadas de la Sociedad Española de Higiene. Legado Roel ; _v27 |
|
| 500 | _aPublicado originalmente: Madrid, Sociedad Española de Higiene, 1919-20. | ||
| 810 | 2 |
_aSociedad Española de Higiene- _kMemorias premiadas _96727 |
|
| 830 | 0 | 0 |
_aLegado Roel: Colección de memorias premiadas _v27 _9183286 |
| 852 |
_aES-MaACL _jMCF-3 _95177 _cDEPO1 |
||
| 942 |
_2udc _cMICROFORMA |
||
| 999 |
_c5060 _d5060 |
||